000 00602nam a2200217Ia 4500
003 OSt
005 20220926045029.0
006 a|||||r|||| 00| 0
007 ta
008 220923b |||||||| |||| 00| 0 eng d
037 _cGeneral Book
040 _aRTL
_cRTL
_beng
041 _2eng
_aeng
082 _aX7295:8.2r, GD
110 _aIndia. Customs Administration Review 1931-32
_9349779
245 0 _aReport, 1931-32
300 _a40
_ccm.
700 _aIndia. Customs Administration Review 1931-32
_9349780
942 _hX7295:8.2r, GD
_cGB
_2CC
999 _c676512
_d676512